Online
Catalog

La monarquía contra la fuerza del dinero / (Record no. 20847)

MARC details
000 -CABECERA
campo de control de longitud fija 00614nam a2200205 a 4500
001 - NÚMERO DE CONTROL
campo de control 000021347
005 - FECHA Y HORA DE LA ÚLTIMA TRANSACCIÓN
campo de control 20240508123313.0
008 - DATOS DE LONGITUD FIJA--INFORMACIÓN GENERAL
campo de control de longitud fija 100906s1976 sp r 000 0 spa d
020 ## - NÚMERO INTERNACIONAL ESTÁNDAR DEL LIBRO
Número Internacional Estándar del Libro 843250291X
040 ## - FUENTE DE LA CATALOGACIÓN
Centro catalogador/agencia de origen DO-SdBNP
Lengua de catalogación spa
Centro/agencia transcriptor BNPHU
082 ## - NÚMERO DE LA CLASIFICACIÓN DECIMAL DEWEY
Número de clasificación 321.6
Número de documento/Ítem N158m
049 ## - FONDOS LOCALES (OCLC)
Fondos de biblioteca BNGR
100 1# - ENTRADA PRINCIPAL--NOMBRE DE PERSONA
Nombre de persona Nair Wilson, R. Mc.
9 (RLIN) 44584
245 10 - MENCIÓN DE TÍTULO
Título La monarquía contra la fuerza del dinero /
Mención de responsabilidad, etc. Robert Mac Nair Wilson.
260 ## - PUBLICACIÓN, DISTRIBUCIÓN, ETC.
Lugar de publicación, distribución, etc. Madrid :
Nombre del editor, distribuidor, etc. Doncel,
Fecha de publicación, distribución, etc. 1976.
300 ## - DESCRIPCIÓN FÍSICA
Extensión 296, [6] p. ;
Dimensiones 18 cm.
490 1# - MENCIÓN DE SERIE
Mención de serie El libro de bolsillo doncel
Designación de volumen o secuencia 92
650 #0 - PUNTO DE ACCESO ADICIONAL DE MATERIA--TÉRMINO DE MATERIA
Término de materia o nombre geográfico como elemento de entrada Moneda
9 (RLIN) 3308
830 #0 - PUNTO DE ACCESO ADICIONAL DE SERIE-TÍTULO UNIFORME
Título uniforme El libro de bolsillo doncel ;
Designación de volumen o secuencia 92
9 (RLIN) 8628
Holdings
Estado de retiro Estado de pérdida Restricciones de uso No para préstamo Código de colección Localización permanente Ubicación/localización actual Ubicación en estantería Fecha de adquisición Número de inventario Total de préstamos Signatura topográfica completa Código de barras Fecha visto por última vez Precio válido a partir de Tipo de ítem Koha Número de copia
        Monografías: Libros y Folletos General General En catalogación 06.09.2010 LF1   321.6 N158m 21347-10 25.06.2020 25.06.2020 Préstamo en sala  
      Préstamo restrigido Monografías: Libros y Folletos General General En catalogación 06.09.2010 LF1   321.6 N158m 21347-20 25.06.2020 25.06.2020 Préstamo en sala e.2
        Monografías: Libros y Folletos General General En catalogación 06.09.2010 LF1   321.6 N158m 21347-30 25.06.2020 25.06.2020 Préstamo en sala e.3

Powered by Koha